LIBRARY ONLINE CATALOGUE

Speech : (Record no. 3179)

MARC details
000 -LEADER
fixed length control field 00611nam a22002052 4500
001 - CONTROL NUMBER
control field 0000007352
005 - DATE AND TIME OF LATEST TRANSACTION
control field 20151217145836.0
008 - FIXED-LENGTH DATA ELEMENTS--GENERAL INFORMATION
fixed length control field 080114s xx 000 0 eng d
020 ## - INTERNATIONAL STANDARD BOOK NUMBER
International Standard Book Number 0153195819 :
Terms of availability KES
040 ## - CATALOGING SOURCE
Original cataloging agency KABU
Transcribing agency KABU
100 1# - MAIN ENTRY--PERSONAL NAME
Personal name Verderber, Rudolph F.
-- 0000152191
245 10 - TITLE STATEMENT
Title Speech :
Remainder of title for effective communication /
Statement of responsibility, etc. Rudolph F. Verderber.
260 ## - PUBLICATION, DISTRIBUTION, ETC. (IMPRINT)
Place of publication, distribution, etc. Chicago :
Name of publisher, distributor, etc. Harcourt Brace,
Date of publication, distribution, etc. 1988.
300 ## - PHYSICAL DESCRIPTION
Extent xxix, 642 p.
650 #0 - SUBJECT ADDED ENTRY--TOPICAL TERM
Topical term or geographic name as entry element Communication.
-- 0000151592
650 #0 - SUBJECT ADDED ENTRY--TOPICAL TERM
Topical term or geographic name as entry element Public speaking.
-- 0000152161
908 ## - PUT COMMAND PARAMETER (RLIN)
Put command parameter 080114
950 ## - LOCAL HOLDINGS (RLIN)
-- 1
Holdings
Withdrawn status Lost status Source of classification or shelving scheme Not for loan Home library Current library Date acquired Total Checkouts Full call number Barcode Date last seen Date last checked out Price effective from Koha item type Total Renewals
    Library of Congress Classification   Kabarak, Main Campus Kabarak, Main Campus 17/12/2015 6 P95 .V47 011850 17/06/2019 17/06/2019 17/12/2015 General Collection  
    Library of Congress Classification   Kabarak, Main Campus Kabarak, Main Campus 17/12/2015 5 P95 .V47 011851 05/04/2019 18/03/2019 17/12/2015 General Collection 1
    Library of Congress Classification   Kabarak, Main Campus Kabarak, Main Campus 17/12/2015 9 P95 .V47 011849 14/10/2022 28/09/2022 17/12/2015 General Collection 1